[Event "Match g/5"]
[Site "Cannes FRA"]
[Date "2000.02.27"]
[Round "5"]
[White "Bacrot,E"]
[Black "Karpov,An"]
[Result "0-1"]
[WhiteElo "2594"]
[BlackElo "2696"]

1.d4 Nf6 2.c4 e6 3.Nc3 Bb4 4.Nf3 c5 5.g3 cxd4 6.Nxd4 a6 7.Bg2 Qc7 8.Qb3 Be7
9.O-O O-O 10.Be3 d6 11.Rac1 Nbd7 12.Rfd1 Ng4 13.Bd2 Rb8 14.h3 Ngf6 15.Be3 Ne5
16.Na4 Nfd7 17.Bf4 Ng6 18.Be3 Bf6 19.Qa3 Nc5 20.b4 Nxa4 21.Qxa4 Bd7 22.Qb3 Rfc8
23.a4 Be8 24.c5 dxc5 25.bxc5 Be7 26.Qc4 Qa5 27.Nb3 Qxa4 28.Qxa4 Bxa4 29.Rd3 Ne5
30.Rdc3 Nc6 31.Nd2 Bf6 32.Rd3 Bb5 33.Rd7 Rd8 34.Rxd8+ Rxd8 35.Ne4 Be7 36.Kf1 Nd4
37.Nc3 Bc6 38.Bxc6 Nxc6 39.Ne4 f5 40.Nc3 Kf7 41.Rb1 Rd7 42.Nd1 Bd8 43.Nb2 Be7
44.Nc4 e5 45.f3 Ke6 46.g4 g6 47.Rb2 Rc7 48.Rb6 Kd5 49.Nd2 Bxc5 50.Bxc5 Kxc5
51.Rb1 b5 52.Rc1+ Kb6 53.gxf5 gxf5 54.Rb1 Nd4 55.e3 Ne6 56.Ke2 a5 57.h4 a4
58.e4 f4 59.Kd3 Nc5+ 60.Ke2 Ne6 61.Kd3 Ka5 62.Ra1 Rd7+ 63.Kc3 b4+ 64.Kc2 Nd4+
65.Kb2 Kb5 66.Rc1 Ne2 67.Rc2 a3+ 68.Ka2 Nc3+ 69.Kb3 Rd3 70.Nc4 Nxe4+ 71.Ka2 b3+  0-1

[Event "Oz.com qualifier blitz"]
[Site "Internet ICC"]
[Date "2000.03.05"]
[Round "2"]
[White "Mont Reynaud,J"]
[Black "Edvardsson,K"]
[Result "1-0"]
[WhiteElo "2282"]
[BlackElo "2170"]

1.d4 Nf6 2.c4 e6 3.Nc3 Bb4 4.Nf3 c5 5.g3 O-O 6.Bg2 Qa5 7.Bd2 cxd4 8.Nxd4 Nc6
9.Nc2 Bxc3 10.Bxc3 Qc5 11.Ne3 Ne5 12.Rc1 d6 13.O-O Qc7 14.b4 Bd7 15.b5 Rfd8
16.Qd2 Rac8 17.Rfd1 Be8 18.Bb4 Nfg4 19.Bxd6 Qb6 20.c5 Qxb5 21.Rb1 Qa4 22.Rb4 Qa5
23.Nxg4 Nxg4 24.Rxg4 Qxd2 25.Rxd2 Rxc5 26.Bxc5 Rxd2 27.Rd4  1-0

[Event "Ciocaltea Mem"]
[Site "Bucharest ROM"]
[Date "2000.03.13"]
[Round "1"]
[White "Rogozenko,D"]
[Black "Ionescu,Co"]
[Result "1-0"]
[WhiteElo "2562"]
[BlackElo "2446"]

1.d4 Nf6 2.c4 e6 3.Nc3 Bb4 4.Nf3 c5 5.g3 cxd4 6.Nxd4 O-O 7.Bg2 d5 8.cxd5 Nxd5
9.Qb3 Qb6 10.Bxd5 exd5 11.Be3 Bxc3+ 12.Qxc3 Qg6 13.h4 h5 14.g4 Bxg4 15.f3 Bd7
16.Rg1 Rc8 17.Qd2 Qf6 18.Rg5 g6 19.Kf2 Nc6 20.Rag1 Ne5 21.Ke1 Nc4 22.Qd3 Be8
23.Bf2 Nxb2 24.Qb1 Nc4 25.Qd3 Qf4 26.Nb3 Nb2 27.Qb1 Qb4+ 28.Kf1 Nc4 29.Qd3 Rc6
30.Qxd5 Kh7 31.Bd4 f6 32.Rxh5+ gxh5 33.Qg8+  1-0

[Event "NED-chT"]
[Site "Leeuwarden NED"]
[Date "2000.03.19"]
[Round "6"]
[White "Tjiam,D"]
[Black "Kohlweyer,B"]
[Result "1/2-1/2"]
[WhiteElo "2329"]
[BlackElo "2458"]

1.d4 Nf6 2.c4 e6 3.Nc3 Bb4 4.Nf3 c5 5.g3 cxd4 6.Nxd4 O-O 7.Bg2 d5 8.cxd5 Nxd5
9.Bd2 Nxc3 10.bxc3 Be7 11.O-O a6 12.Rb1 Qc7 13.Qb3 Nd7 14.c4 Rd8 15.Nf3 Rb8
16.Qc2 h6 17.Rfd1 Bd6 18.Bc3 b6 19.Qb2 f6 20.Qc2 Bb7 21.Nd4 Nf8 22.Bxb7 Qxb7
23.Nb3 Qc6 24.Bd4 Bc7 25.Be3 b5 26.Nd4 Qxc4 27.Qxc4 bxc4 28.Rdc1 Rxb1 29.Rxb1 Rb8
30.Rxb8 Bxb8 31.Kf1 Kf7 32.Ke1 e5 33.Nc2 Bc7 34.Bc5 Ne6 35.Bb4 Nd4 36.Ne3 Ke6
37.Kd2 Nc6 38.Bf8 Ba5+ 39.Kd1 Kf7 40.Bc5 c3 41.Kc2 Ke6 42.a3 h5 43.Nc4 Kd5
44.Nxa5 Kxc5 45.Nxc6 Kxc6 46.e4 Kb5 47.Kxc3 g5 48.h3 Ka4 49.Kb2 g4 50.hxg4 hxg4
51.Ka2 Kb5 52.Kb3 a5 53.Kc3 Kc5 54.Kd3 Kb5 55.Kc3  1/2-1/2

[Event "It"]
[Site "Tel Aviv ISR"]
[Date "2000.03.20"]
[Round "1"]
[White "Postny,E"]
[Black "Marin,M"]
[Result "0-1"]
[WhiteElo "2424"]
[BlackElo "2555"]

1.d4 Nf6 2.c4 e6 3.Nc3 Bb4 4.Nf3 b6 5.Bg5 Bb7 6.e3 h6 7.Bh4 g5 8.Bg3 Ne4
9.Qc2 Bxc3+ 10.bxc3 Nxg3 11.hxg3 Nc6 12.g4 Qe7 13.Nd2 O-O-O 14.Nb3 h5 15.gxh5 g4
16.a4 Rh6 17.a5 Rdh8 18.axb6 axb6 19.c5 Rxh5 20.Rxh5 Rxh5 21.cxb6 cxb6 22.Qb2 g3
23.f3 Qg5 24.f4 Qf5 25.Nd2 Rh1 26.O-O-O Kc7 27.Nc4 b5 28.Na3 Na7 29.Qd2 Be4
30.Kb2 Qd5 31.Rc1 Qb7 32.Ka2 Kd8 33.Qb2 Rh2 34.Rc2 Bxc2 35.Qxc2 b4 36.cxb4 Nc6
37.Qc5 Qxb4 38.Qg5+ Kc7 39.Nb5+ Kb6 40.Qxg3 Rh8  0-1

[Event "4NCL"]
[Site "Birmingham ENG"]
[Date "2000.03.26"]
[Round "8"]
[White "Buckley,G"]
[Black "Milligan,H"]
[Result "1-0"]
[WhiteElo "2355"]
[BlackElo "2125"]

1.d4 Nf6 2.c4 e6 3.Nc3 Bb4 4.Nf3 b6 5.Bg5 Bb7 6.e3 O-O 7.Bd3 h6 8.Bh4 d5
9.O-O Be7 10.Rc1 Nbd7 11.cxd5 exd5 12.Qa4 c6 13.Bg3 Ne8 14.e4 a5 15.exd5 cxd5
16.Rfe1 Ndf6 17.a3 Nd6 18.Ne5 Rc8 19.Nb5 Rxc1 20.Rxc1 Nxb5 21.Bxb5 Bd6 22.Bh4 g5
23.Bg3 Kg7 24.Bc6 Bxc6 25.Qxc6 Re8 26.Nxf7 Kxf7 27.Bxd6 Re6 28.Qc7+ Qd7 29.Be5 Qxc7
30.Rxc7+ Kg6 31.f3 h5 32.Kf2 g4 33.Kg3 gxf3 34.gxf3 Ne8 35.Rd7 Nf6 36.Bxf6 Rxf6
37.Rxd5 Rc6 38.Kf4 Re6 39.h4  1-0

[Event "Estonian Club Cup 2nd leg"]
[Site "Tallinn EST"]
[Date "2000.04.07"]
[Round "?"]
[White "Narva,J"]
[Black "Keskel,M"]
[Result "1-0"]
[WhiteElo "2323"]
[BlackElo "2147"]

1.d4 Nf6 2.c4 e6 3.Nc3 Bb4 4.Nf3 c5 5.g3 O-O 6.Bg2 d6 7.O-O Nc6 8.d5 Ne7
9.Bg5 Bxc3 10.bxc3 e5 11.Bxf6 gxf6 12.Qd2 Ng6 13.e4 f5 14.exf5 Bxf5 15.Kh1 Kg7
16.Rae1 h5 17.Ng5 h4 18.f4 f6 19.Ne6+ Bxe6 20.dxe6 hxg3 21.f5 Ne7 22.Re3 Rh8
23.Rxg3+ Kf8 24.Be4 Qe8 25.Rfg1 Rd8 26.Qg2 Qh5 27.Rh3  1-0

[Event "Open"]
[Site "Dos Hermanas ESP"]
[Date "2000.04.08"]
[Round "2"]
[White "Medina Carrasco,S"]
[Black "Suba,M"]
[Result "0-1"]
[WhiteElo "2173"]
[BlackElo "2510"]

1.d4 Nf6 2.c4 e6 3.Nc3 Bb4 4.Nf3 c5 5.Qc2 cxd4 6.Nxd4 Nc6 7.e3 O-O 8.Be2 d5
9.Nxc6 bxc6 10.O-O Bd6 11.b3 e5 12.cxd5 cxd5 13.Nb5 Ba6 14.Nxd6 Qxd6 15.Bxa6 Qxa6
16.Bb2 Rfe8 17.Qf5 g6 18.Qg5 Ne4 19.Qg4 Rac8 20.Qd1 Rcd8 21.f3 Nc5 22.f4 Nd3
23.Bxe5 Nxe5 24.fxe5 Rxe5 25.Rf3 Qb6 26.Qd4 Qxd4 27.exd4 Re4 28.Rd1 Rc8 29.Rf2 Kg7
30.Rfd2 h5 31.Kf2 h4 32.Re1 f5 33.Rb1 Kh6 34.a4 Kg5 35.a5 Rf4+ 36.Ke2 Rc3
37.b4 Ra3 38.Rbb2 h3 39.g3 Re4+ 40.Kf2 Kg4 41.Rb1 g5 42.Kg1 Ree3 43.Kf2 Reb3
44.Rdb2 Ra2 45.Rxa2 Rxb1 46.Rc2 Rxb4 47.Rc7 Rb2+  0-1

[Event "Bundesliga 1999-2000"]
[Site "Neukoelln GER"]
[Date "2000.04.08"]
[Round "14"]
[White "Rogozenko,D"]
[Black "Hoffmann,M"]
[Result "1/2-1/2"]
[WhiteElo "2562"]
[BlackElo "2452"]

1.d4 Nf6 2.c4 e6 3.Nc3 Bb4 4.Nf3 c5 5.g3 Nc6 6.Bg2 Qa5 7.O-O Bxc3 8.bxc3 Qxc3
9.Bf4 Qxc4 10.Rc1 Qxa2 11.dxc5 O-O 12.Bd6 Rd8 13.Nd4 Ne8 14.Bf4 d5 15.cxd6 Nxd4
16.Qxd4 Qxe2 17.Rfd1 Bd7 18.Bxb7 Rab8 19.Qxa7 e5 20.Bg5 Nf6 21.Bg2 Qh5 22.h4 h6
23.Bxf6 gxf6 24.Rb1 Be6 25.Qe7 Kg7 26.Bc6 Qe2 27.d7 e4 28.Qd6 e3 29.Rxb8 exf2+
30.Kh1 f1=Q+ 31.Rxf1 Qxf1+ 32.Kh2 Qe2+ 33.Kg1 Qe1+ 34.Kg2 Rxb8 35.Qxb8 Bxd7
36.Bxd7 Qd2+ 37.Kf3 Qxd7 38.Qb4 Qf5+ 39.Kg2 Qd5+ 40.Kf2 Qe5 41.Qg4+ Kh7 42.Qd7 Qe6
43.Qd3+ Kg7 44.Qd8 Qe4 45.Qb8 Qf5+ 46.Kg2 Qe5 47.Qa8 Qe2+ 48.Kg1 f5 49.Qb8 Qf3
50.Kh2 Qf2+ 51.Kh3 Qf1+ 52.Kh2 Qe2+ 53.Kh3 Qe6 54.Kg2 Kg6 55.Qg8+ Kf6 56.Qh8+ Kg6  1/2-1/2

[Event "XVIII Open"]
[Site "Metz FRA"]
[Date "2000.04.19"]
[Round "5"]
[White "Giffard,N"]
[Black "Vaillant,S"]
[Result "1-0"]
[WhiteElo "2364"]
[BlackElo "2114"]

1.d4 Nf6 2.c4 e6 3.Nc3 Bb4 4.Nf3 b6 5.Qb3 c5 6.Bg5 Bb7 7.O-O-O Bxc3 8.bxc3 Qe7
9.Nd2 d6 10.f3 cxd4 11.cxd4 Nc6 12.e3 Rc8 13.Kb1 Qc7 14.Bd3 h6 15.Bh4 Na5
16.Qa3 g5 17.Bg3 Rd8 18.h4 Rg8 19.hxg5 hxg5 20.Rc1 Qe7 21.Rh6 Nc6 22.Rxf6 Qxf6
23.Ne4 Qe7 24.Bxd6 Rxd6 25.Nxd6+ Kd8 26.c5 Rh8 27.Be4  1-0

[Event "Match"]
[Site "Cannes FRA"]
[Date "2000.04.27"]
[Round "7"]
[White "Piket,Je"]
[Black "Tkachiev,V"]
[Result "1/2-1/2"]
[WhiteElo "2633"]
[BlackElo "2670"]

1.d4 Nf6 2.c4 e6 3.Nc3 Bb4 4.Nf3 c5 5.g3 cxd4 6.Nxd4 O-O 7.Bg2 d5 8.cxd5 Nxd5
9.Bd2 Bxc3 10.bxc3 e5 11.Nb5 Nc6 12.Bc1 Be6 13.O-O a6 14.c4 Nb6 15.Nd6 Nxc4
16.Nxb7 Qxd1 17.Rxd1 Nd4 18.Nc5 Rab8 19.Nxe6 fxe6 20.Bh3 Kh8 21.Kg2 Nc2 22.Bxe6 Nxa1
23.Bxc4 Nc2 24.Bxa6 Rfd8 25.Bd3 Nb4 26.Bg5 Re8 27.Bc4 h6 28.Be3 Rec8 29.Be6 Rd8
30.Rc1 Ra8 31.Rc5 Nxa2 32.Rxe5 Re8 33.Bd4 Nb4 34.Bc3 Nc6 35.Re4 Rad8 36.f4 Rd6
37.Bd5 Rxe4 38.Bxe4 Nd4 39.e3 Re6 40.Bxd4 Rxe4 41.h4 h5 42.Kf3 Re8 43.f5 Kh7
44.Kf4 g6 45.Kg5 gxf5 46.Kxf5 Rf8+ 47.Bf6 Rg8 48.Be5 Ra8 49.e4 Ra5 50.Kf6 Ra6+
51.Kg5 Ra5 52.Kf5 Rb5  1/2-1/2

[Event "4NCL"]
[Site "Birmingham ENG"]
[Date "2000.04.29"]
[Round "9"]
[White "Wells,P"]
[Black "Norris,A"]
[Result "1-0"]
[WhiteElo "2483"]
[BlackElo "2301"]

1.d4 Nf6 2.c4 e6 3.Nc3 Bb4 4.Nf3 b6 5.Qb3 Bxc3+ 6.Qxc3 Bb7 7.Bg5 h6 8.Bh4 g5
9.Bg3 Ne4 10.Qc2 d6 11.O-O-O Nd7 12.d5 Nxg3 13.hxg3 Qf6 14.e3 e5 15.Bd3 a5
16.Bf5 O-O-O 17.Nd2 Kb8 18.g4 Nc5 19.a3 a4 20.Ne4 Nxe4 21.Qxe4 Qe7 22.Rh3 Qe8
23.Qc2 Ka7 24.Rdh1 Ra8 25.Rxh6 Rxh6 26.Rxh6 Kb8 27.Qd1 Ra5 28.Qh1 Ka7 29.Rh8 Qe7
30.Qh7 Rc5 31.Qg8 Rxc4+ 32.Kb1 e4 33.Qb8+ Ka6 34.Re8 Qf6 35.Rxe4 Rxe4 36.Bxe4 Qxf2
37.Bd3+ b5 38.Bxb5+ Kb6 39.Bxa4 Qf1+ 40.Ka2 Qc4+ 41.Bb3 Qxg4 42.a4 Qb4 43.g3 f6
44.Qe8 Kc5 45.Qe7 Kb6 46.e4 Ba6 47.Qxf6 Qxe4 48.Qxg5 Bc4 49.Qd2 Bxb3+ 50.Kxb3 Qf3+
51.Ka2 Qxg3 52.Qb4+ Ka7 53.Qc4 Qg7 54.a5 Qd7 55.Ka3 Kb7 56.Kb4 Qe8 57.Qb5+  1-0

[Event "VI Leonardo Di Bona"]
[Site "Cutro ITA"]
[Date "2000.05.03"]
[Round "7"]
[White "Miladinovic,I"]
[Black "Drasko,M"]
[Result "1/2-1/2"]
[WhiteElo "2538"]
[BlackElo "2520"]

1.d4 e6 2.c4 Nf6 3.Nc3 Bb4 4.Nf3 c5 5.g3 cxd4 6.Nxd4 O-O 7.Bg2 d5 8.cxd5 Nxd5
9.Bd2 Bxc3 10.bxc3 e5 11.Nc2 Nc6 12.c4 Nde7 13.O-O  1/2-1/2

[Event "FSIM May"]
[Site "Budapest HUN"]
[Date "2000.05.09"]
[Round "4"]
[White "Eperjesi,L"]
[Black "Froehlich,P"]
[Result "1/2-1/2"]
[WhiteElo "2365"]
[BlackElo "2375"]

1.d4 Nf6 2.c4 e6 3.Nc3 Bb4 4.Nf3 c5 5.e3 O-O 6.Bd3 d5 7.O-O Nc6 8.a3 Bxc3
9.bxc3 dxc4 10.Bxc4 Qc7 11.Ba2 e5 12.h3 e4 13.Nh2 Bf5 14.f4 exf3 15.Qxf3 Bd3
16.Rd1 Bc2 17.Re1 Be4 18.Qf2 Rad8 19.Nf1 Bg6  1/2-1/2

[Event "Open"]
[Site "Pula CRO"]
[Date "2000.05.18"]
[Round "3"]
[White "Starc,C"]
[Black "Morovic Fernandez,I"]
[Result "0-1"]
[WhiteElo "2124"]
[BlackElo "2611"]

1.d4 Nf6 2.c4 e6 3.Nc3 Bb4 4.Nf3 c5 5.g3 Nc6 6.a3 Bxc3+ 7.bxc3 b6 8.Bg2 Bb7
9.O-O Na5 10.dxc5 bxc5 11.Bf4 Nxc4 12.Qa4 Nb6 13.Qa5 Qc8 14.Rab1 Ne4 15.Ne5 O-O
16.f3 Nf6 17.Nd3 Nfd5 18.Bd6 Nc4 19.Qxc5 Nxd6 20.Qxd6 Nxc3 21.Rb2 Na4 22.Rb4 Nb6
23.Rg4 f5 24.Rd4 Qc2 25.Nf4 Rac8 26.Rfd1 Rf7 27.R1d2 Qc1+ 28.Rd1 Qc5 29.Qxc5 Rxc5
30.Nd3 Rc7 31.a4 Re7 32.e4 fxe4 33.fxe4 e5 34.Rb4 Re6 35.a5 Nc8 36.Bh3 Rd6
37.Kf2 Ne7 38.Rd2 Nc6 39.Rc4 Rc8 40.Rc3 Nxa5 41.Rxc8+ Bxc8 42.Rc2 Rc6 43.Ra2 Rf6+
44.Kg1 Nc6 45.Rc2 Rf8 46.Nc5 Nd4 47.Ra2 d6 48.Bxc8 Rxc8 49.Nb7 Rc1+ 50.Kf2 Rc2+
51.Rxc2 Nxc2 52.Ke2 Kf7 53.Kd3 Nd4 54.Nxd6+ Ke6 55.Nb7 g5 56.h3 h5 57.Kc4 Ne2
58.Nd8+ Kf6 59.Nc6 Nxg3 60.Kd5 a5 61.Nxa5 g4 62.h4 Ne2 63.Nc4 Nc3+ 64.Kd6 Nxe4+
65.Kd5 Nc3+ 66.Kd6 e4 67.Ne3 g3 68.Kc5 Ke5 69.Ng2 Nd5 70.Kc4 Nf4  0-1

[Event "Open A"]
[Site "Lido Estensi ITA"]
[Date "2000.05.28"]
[Round "2"]
[White "Djuric,S"]
[Black "Aleksic,N1"]
[Result "1/2-1/2"]
[WhiteElo "2491"]
[BlackElo "2405"]

1.d4 Nf6 2.c4 e6 3.Nc3 Bb4 4.Nf3 b6 5.e3 Ne4 6.Qc2 Bb7 7.Bd2 Bxc3 8.Bxc3 O-O
9.Bd3 f5 10.O-O-O Qe7 11.Be1 d6 12.h4 Nd7 13.Ng1 c5 14.f3 Nef6 15.Nh3 Rac8
16.Kb1 cxd4 17.exd4 b5 18.Qe2 bxc4 19.Bxc4 Bd5 20.Ba6 Rb8 21.Nf4 Nb6 22.Bb4 Rfe8
23.Rhe1 Qd7 24.a3 Bc6 25.Rc1 Nbd5 26.Nxd5 Bxd5  1/2-1/2

[Event "Bank Pocztowy Open"]
[Site "Bydgoszcz POL"]
[Date "2000.06.03"]
[Round "6"]
[White "Shishkin,V"]
[Black "Rashkovsky,N"]
[Result "0-1"]
[WhiteElo "2411"]
[BlackElo "2523"]

1.d4 Nf6 2.c4 e6 3.Nc3 Bb4 4.Nf3 b6 5.Qb3 a5 6.g3 Bb7 7.Bg2 d6 8.O-O Bxc3
9.Qxc3 Nbd7 10.b3 O-O 11.Bb2 Qe7 12.Rad1 c5 13.d5 exd5 14.cxd5 b5 15.Nh4 Rfe8
16.Nf5 Qf8 17.Qd2 a4 18.g4 Bc8 19.g5 Nh5 20.f4 Nb6 21.Nh4 Bg4 22.Rde1 axb3
23.axb3 Ra2 24.e4 c4 25.Re3 Rxb2 26.Qxb2 Nxd5 27.Ree1 Ndxf4 28.Qd2 Nd3 29.Rb1 Qe7
30.bxc4 bxc4 31.Nf5 Qe5 32.h3 Qc5+ 33.Kh2 Qe5+ 34.Kg1 Bxf5 35.exf5 Qd4+ 36.Kh2 c3
37.Qa2 Ne5 38.Qf2 Qd3 39.Rb7 Rf8 40.Qe1 g6 41.Rg1 Rc8 42.Qf2 c2 43.Rc1 Qd1
44.Qf1 Qd2 45.Rb3 Nf4  0-1

[Event "Jack Collins Int Gp B"]
[Site "New York USA"]
[Date "2000.06.14"]
[Round "3"]
[White "Gustafsson,J"]
[Black "Shliperman,I"]
[Result "1/2-1/2"]
[WhiteElo "2484"]
[BlackElo "2467"]

1.d4 Nf6 2.c4 e6 3.Nc3 Bb4 4.Nf3 c5 5.g3 O-O 6.Bg2 d5 7.cxd5 exd5 8.O-O Nc6
9.dxc5 Bxc5 10.Bg5 d4 11.Ne4 Be7 12.Bxf6 Bxf6 13.b4 Nxb4 14.Nxf6+ Qxf6 15.Qxd4 Nc6
16.Qxf6 gxf6 17.Rfd1  1/2-1/2

[Event "IV Pablo Gorbea Mem Open"]
[Site "Madrid ESP"]
[Date "2000.06.18"]
[Round "9"]
[White "Rojo Huerta,G"]
[Black "Spraggett,K"]
[Result "0-1"]
[WhiteElo "2362"]
[BlackElo "2529"]

1.d4 Nf6 2.c4 e6 3.Nc3 Bb4 4.Nf3 c5 5.g3 cxd4 6.Nxd4 O-O 7.Bg2 d5 8.cxd5 Nxd5
9.Bd2 Nxc3 10.bxc3 Be7 11.O-O e5 12.Nc2 Nc6 13.Ne3 Be6 14.c4 Rc8 15.Nd5 Bc5
16.Qa4 f5 17.e3 Qe8 18.a3 e4 19.Bc3 b6 20.Rfd1 Bd7 21.Qa6 Rf7 22.Qb7 Nb8
23.Nc7 Qf8 24.Be5 Bc6 25.Qxa7 Qe7  0-1

[Event "Jack Collins Int Final A"]
[Site "New York USA"]
[Date "2000.06.21"]
[Round "3"]
[White "Gustafsson,J"]
[Black "Sher,M"]
[Result "1/2-1/2"]
[WhiteElo "2484"]
[BlackElo "2417"]

1.d4 e6 2.c4 Nf6 3.Nc3 Bb4 4.Nf3 c5 5.g3 cxd4 6.Nxd4 Ne4 7.Qd3 Bxc3+ 8.bxc3 Nc5
9.Qe3 b6 10.Nb5 O-O 11.Bg2 Bb7 12.Bxb7 Nxb7 13.Ba3 Re8 14.O-O Qc8 15.Qf4  1/2-1/2

[Event "ch-SVK U-20 Girls"]
[Site "Bratislava SVK"]
[Date "2000.06.29"]
[Round "3"]
[White "Machalova,M"]
[Black "Machalova,V"]
[Result "1/2-1/2"]
[WhiteElo "2063"]
[BlackElo "2103"]

1.d4 Nf6 2.c4 e6 3.Nc3 Bb4 4.Nf3 b6 5.Bg5 h6 6.Bh4 Bb7 7.e3 Qe7 8.Be2 Bxc3+
9.bxc3 d6 10.O-O Nbd7 11.Rb1 O-O 12.Nd2 Rfe8 13.f3 e5 14.e4 Nf8 15.Bf2 Ng6
16.Be3  1/2-1/2

[Event "29th ch-GRE Team"]
[Site "Athens GRE"]
[Date "2000.07.10"]
[Round "5"]
[White "Skalkotas,N"]
[Black "Nikolaou,G"]
[Result "0-1"]
[WhiteElo "2285"]
[BlackElo "2141"]

1.d4 Nf6 2.c4 e6 3.Nf3 Bb4+ 4.Nc3 c5 5.e3 d5 6.a3 Bxc3+ 7.bxc3 Ne4 8.dxc5 O-O
9.Bb2 Nc6 10.Qc2 Nxc5 11.Rd1 Ne7 12.cxd5 exd5 13.c4 Ne4 14.Bd3 Qa5+ 15.Ke2 f5
16.Nd4 Bd7 17.Nb3 Qa4 18.f3 Rac8 19.Nd4 dxc4 20.Bxe4 fxe4 21.Qc3 Nd5 22.Qe1 c3
23.Bc1 Rce8 24.Qg3 Bb5+ 25.Kf2 Bd3 26.Qd6 Nb6 27.h4 Rf6 28.Qc7 Qd7 29.Qxc3 Kh8
30.f4 Nd5 31.Qb2 Rd8 32.Ne2 Rc8 33.Nd4 Rc4 34.g3 Rb6 35.Qa2 Nc3 36.Qa1 Qg4
37.Bb2 Rxd4  0-1

[Event "29th ch-GRE Team"]
[Site "Athens GRE"]
[Date "2000.07.10"]
[Round "5"]
[White "Tzardis,S"]
[Black "Logothetis,S"]
[Result "0-1"]
[WhiteElo "2109"]
[BlackElo "2225"]

1.d4 Nf6 2.c4 e6 3.Nc3 Bb4 4.Nf3 b6 5.g3 Bb7 6.Bg2 O-O 7.O-O Bxc3 8.bxc3 d6
9.a4 Nc6 10.Nd2 Na5 11.Bxb7 Nxb7 12.e4 Nd7 13.f4 f5 14.Qf3 Na5 15.Ba3 Rf7
16.Bb4 g6 17.Bxa5 bxa5 18.exf5 gxf5 19.Nb3 Nf6 20.Nxa5 Ne4 21.Ra2 c5 22.Nb3 Qb6
23.Nd2 d5 24.cxd5 exd5 25.Nxe4 dxe4 26.Qf2 Qb3 27.Qb2 Qd5 28.Raa1 Rd8 29.Rad1 Rfd7
30.Rfe1 Qc4 31.Qb5 Qxc3 32.Qc6 Rd6 33.Qc7 cxd4 34.Qe7 Qc8 35.Qxa7 Ra6 36.Qe7 Qd7
37.Qxd7 Rxd7 38.Ra1 Rda7 39.Reb1 Rxa4 40.Rb8+ Kf7 41.Rxa4 Rxa4 42.Rb7+ Ke6
43.Rxh7 d3 44.Rh6+ Kd5  0-1

[Event "It"]
[Site "Techirghiol ROM"]
[Date "2000.07.11"]
[Round "9"]
[White "Manolache,M"]
[Black "Burnoiu,C"]
[Result "1-0"]
[WhiteElo "2399"]
[BlackElo "2266"]

1.d4 Nf6 2.c4 e6 3.Nc3 Bb4 4.Nf3 b6 5.e3 Bb7 6.Bd3 Ne4 7.Qc2 f5 8.Nd2 Bxc3
9.bxc3 Nxd2 10.Qxd2 Qh4 11.d5 O-O 12.O-O exd5 13.cxd5 Bxd5 14.f3 Nc6 15.c4 Be6
16.Bb2 d6 17.f4 Rae8 18.Rf3 Qe7 19.Rg3 Rf7 20.Be2 Na5 21.Qc3 Kh8 22.Bh5 Rg8
23.Bxf7 Qxf7 24.c5 dxc5 25.Rd1 Nc6 26.Rh3 Bxa2 27.Qe1 Qe7 28.Rh5 Nb4 29.Qe2 Qe6
30.Rg5 Bd5 31.Qd2 h6 32.Rg3 Kh7 33.Qc3 Qe7 34.h4 c4 35.h5 Nd3 36.Rxd3 cxd3
37.Qxd3 Be4 38.Qc3 Qf6 39.Qa3 Qh4 40.Kf2 a5 41.Qc3 c5 42.Qd2 Qxh5 43.Qd6 Qf7
44.Qxb6 g6 45.Qxa5 Qd7 46.Qc3 Rd8 47.Kg1 Qd1+ 48.Kh2 Qd7 49.Qf6  1-0

[Event "MTO Open"]
[Site "Biel SUI"]
[Date "2000.07.26"]
[Round "3"]
[White "Bunzmann,D"]
[Black "Ravi,T"]
[Result "1/2-1/2"]
[WhiteElo "2484"]
[BlackElo "2385"]

1.d4 Nf6 2.c4 e6 3.Nc3 Bb4 4.Nf3 b6 5.Bg5 Bb7 6.Nd2 h6 7.Bh4 c5 8.a3 cxd4
9.axb4 dxc3 10.bxc3 d5 11.e3 O-O 12.Be2 dxc4 13.Nxc4 Qxd1+ 14.Rxd1 Ne4 15.Bf3 Bd5
16.Bxe4 Bxe4 17.f3 Bc2 18.Rd2 Bb3 19.Nd6 g5 20.Rb2 gxh4 21.Rxb3 Rd8 22.Nb5 a5
23.Ra3 Nc6 24.bxa5 Rxa5 25.Rxa5 bxa5 26.Ke2 Rb8 27.Rb1  1/2-1/2

[Event "Politiken Cup"]
[Site "Copenhagen DEN"]
[Date "2000.07.26"]
[Round "9"]
[White "Hvenekilde,J"]
[Black "Adamski,J"]
[Result "0-1"]
[WhiteElo "2260"]
[BlackElo "2381"]

1.d4 Nf6 2.c4 e6 3.Nc3 Bb4 4.Nf3 c5 5.d5 d6 6.Bd2 O-O 7.a3 Bxc3 8.Bxc3 Ne4
9.Rc1 e5 10.e3 f5 11.Be2 Nd7 12.O-O Nxc3 13.Rxc3 e4 14.Nd2 Ne5 15.f4 exf3
16.Nxf3 Ng4 17.h3 Nf6 18.Bd3 Qe7 19.Bc2 Bd7 20.Nd2 g6 21.Ba4 Bxa4 22.Qxa4 Nh5
23.Qd1 Rae8 24.b4 b6 25.bxc5 bxc5 26.Rb3 Rb8 27.Rf3 Nf6 28.Qb1 Rxb3 29.Qxb3 Nd7
30.Qc2 Rb8 31.e4 Qe5 32.exf5 Qd4+ 33.Rf2 Rb2 34.Qc1 Ne5 35.Ne4 Rxf2  0-1

[Event "Open"]
[Site "Dieren NED"]
[Date "2000.07.26"]
[Round "8"]
[White "Zilberman,Y"]
[Black "Barsov,A"]
[Result "1/2-1/2"]
[WhiteElo "2488"]
[BlackElo "2534"]

1.d4 Nf6 2.c4 e6 3.Nc3 Bb4 4.Nf3 c5 5.e3 O-O 6.Be2 d5 7.O-O dxc4 8.Bxc4 Nbd7
9.Qe2 a6 10.Bd3 Ba5 11.Rd1 Qe7 12.Bc2 Rd8 13.Bd2 Bc7 14.dxc5 Qxc5 15.Rac1 Qe7
16.e4 Ne5 17.Nxe5 Bxe5 18.Kh1 Bd7 19.f4 Bxc3 20.Bxc3 Bb5 21.Qe3 Rxd1+ 22.Rxd1 Rd8
23.Rxd8+ Qxd8 24.h3 Bc6 25.Kh2 Qc7 26.g4 h6 27.Kg3 Qd7 28.h4 e5 29.f5 h5
30.g5 Ng4 31.Qc5 Kh7 32.Bb4 Bb5 33.Qd6 Qc8 34.g6+ fxg6 35.Qxg6+ Kg8 36.Bb3+ Bc4
37.Bxc4+ Qxc4 38.Qe8+ Kh7 39.Qxh5+ Nh6 40.Qg6+ Kh8 41.Bf8 Qd3+ 42.Kh2 Qe2+
43.Qg2 Ng4+ 44.Kg3 Qd1 45.Kh3 Kg8 46.Qxg4 Qh1+  1/2-1/2

[Event "Scandic Hotels GM"]
[Site "Stockholm SWE"]
[Date "2000.07.31"]
[Round "3"]
[White "Hillarp Persson,T"]
[Black "Wedberg,T"]
[Result "0-1"]
[WhiteElo "2549"]
[BlackElo "2473"]

1.d4 Nf6 2.c4 e6 3.Nc3 Bb4 4.Nf3 b6 5.Bg5 Bb7 6.Nd2 h6 7.Bh4 c5 8.a3 Bxc3
9.bxc3 d6 10.f3 Qe7 11.a4 Nc6 12.e3 e5 13.Bxf6 Qxf6 14.Ne4 Qe7 15.dxc5 dxc5
16.Nd6+ Kf8 17.Nxb7 Qxb7 18.Bd3 Rd8 19.Qe2 Ne7 20.Be4 Qc7 21.O-O g6 22.Rad1 Kg7
23.Bd5 Rd6 24.e4 g5 25.g3 Ng6 26.Rb1 h5 27.Qe3 Qe7 28.Rb2 h4 29.Rg2 hxg3
30.hxg3 Rh3 31.Qd2 Rd8 32.Kf2 Rdh8 33.Ke2 Rh2 34.Rff2 Rxg2 35.Rxg2 Rh1 36.Kd3 Qd7
37.Qxg5 Qxa4 38.Rd2 Qa1 39.Qf5 Qf1+ 40.Ke3 Qe1+ 41.Kd3 Qb1+ 42.Ke3 Re1+ 43.Kf2 Rf1+
44.Ke3 Qe1+ 45.Kd3 Qxg3 46.Qxf7+ Kh6 47.Kc2 a5 48.Kb3 Rxf3 49.Rh2+ Qxh2 50.Qxf3 Nf4
51.Qg4 Qh5 52.Qg1 Qf3 53.Qh2+ Qh5 54.Qg1 Qf3 55.Qh2+ Kg5 56.Ka4 Qxc3 57.Kb5 a4
58.Kxb6 a3 59.Kxc5 Qa5+ 60.Kd6 Qb6+ 61.Kd7 Qa7+ 62.Ke8 Ng6 63.Qg2+ Kf6 64.Qf1+ Nf4
65.Kd8 a2 66.Qa1 Qb8+ 67.Kd7 Qb1  0-1

[Event "zt 2.5"]
[Site "Buenos Aires ARG"]
[Date "2000.08.02"]
[Round "7"]
[White "Slipak,S"]
[Black "Giaccio,A"]
[Result "0-1"]
[WhiteElo "2520"]
[BlackElo "2505"]

1.d4 Nf6 2.c4 e6 3.Nf3 Bb4+ 4.Nc3 c5 5.Bd2 O-O 6.dxc5 Na6 7.e3 Nxc5 8.Be2 b6
9.O-O Bb7 10.a3 Bxc3 11.Bxc3 d5 12.b4 Nce4 13.Bb2 dxc4 14.Bxc4 Qxd1 15.Raxd1 Rac8
16.Ne5 Rfd8 17.Bd3 Kf8 18.Rc1 Nd6 19.Rfd1 h5 20.f3 Nd5 21.Kf2 f6 22.Nc4 Nxc4
23.Bxc4 Nxb4 24.Rxd8+ Rxd8 25.Bd4 Nd5 26.Bxd5 Bxd5 27.Rc7 e5 28.Bc3 a5 29.e4 Ba2
30.Ke2 Bb1 31.Bd2 Bd3+ 32.Kf2 Bxe4 33.Be3 Bf5 34.Bxb6 Rd2+ 35.Kg1 a4 36.Ba5 Ra2
37.Bb4+ Kg8 38.h3 e4 39.Rc5 Bg6 40.fxe4 Bxe4 41.Rxh5 Rxg2+ 42.Kf1 Rh2 43.h4 f5
44.Bc3 Rh3 45.Be5 g6 46.Rg5 Kf7 47.Bg3 f4 48.Bf2 Rxa3 49.h5 Ra1+ 50.Be1 Kf6
51.h6 Bf5 52.Kf2 Ra2+ 53.Kg1 Rc2 54.Bh4 Kf7 55.Rg2 a3 56.h7 Kg7 57.Bf2 Kxh7
58.Rh2+ Kg8 59.Rh4 Rxf2  0-1

[Event "ch-GBR"]
[Site "Millfield ENG"]
[Date "2000.08.03"]
[Round "4"]
[White "Buckley,G"]
[Black "Emms,J"]
[Result "0-1"]
[WhiteElo "2351"]
[BlackElo "2527"]

1.d4 Nf6 2.c4 e6 3.Nc3 Bb4 4.Nf3 c5 5.e3 O-O 6.Bd3 d5 7.O-O cxd4 8.exd4 dxc4
9.Bxc4 b6 10.Bg5 Bb7 11.Rc1 Nc6 12.a3 Be7 13.Re1 Nd5 14.Bxd5 Bxg5 15.Nxg5 Qxg5
16.Bf3 Rfd8 17.Ne2 Rac8 18.b4 h6 19.Rc2 Qe7 20.Rd2 Qd7 21.Nf4 Ne7 22.Bg4 Bd5
23.Nd3 Qb7 24.Ne5 Rc3 25.Rd3 Rdc8 26.Qd2 Rxd3 27.Qxd3 Qc7 28.Rd1 Qc3 29.Qa6 Rc7
30.Qb5 Nc6 31.Bf3 Bxf3 32.gxf3 Nxe5 33.Qxe5 Rc8 34.f4 Qxa3 35.Kg2 Qxb4 36.f5 Qc4
37.Ra1 a5 38.Rb1 Qd5+ 39.Qxd5 exd5 40.Rxb6 Ra8 41.Kf3 a4 42.Kf4 a3 43.Rb1 a2
44.Ra1 f6 45.Kg4 Kf7 46.Kh5 Ra7 47.f4 Ke7 48.Kg6 Kd6 49.h4 Kc6 50.h5 Kb5
51.Rxa2 Rxa2 52.Kxg7 Kc4 53.Kxf6 Kxd4 54.Kg7 Rg2+ 55.Kxh6 Kc5  0-1

[Event "ch-GBR"]
[Site "Millfield ENG"]
[Date "2000.08.05"]
[Round "6"]
[White "Buckley,G"]
[Black "Wells,P"]
[Result "0-1"]
[WhiteElo "2351"]
[BlackElo "2506"]

1.d4 Nf6 2.c4 e6 3.Nc3 Bb4 4.Nf3 c5 5.e3 O-O 6.Bd3 d5 7.O-O dxc4 8.Bxc4 cxd4
9.exd4 b6 10.Bg5 Bb7 11.Qd3 Nbd7 12.Rac1 Rc8 13.Ne2 Bd6 14.Rfd1 Rc7 15.Ne5 Qb8
16.Nxd7 Nxd7 17.Qh3 Rfc8 18.Bd3 Nf8 19.Nc3 Ng6 20.Re1 Bb4 21.Bb1 Rc4 22.Red1 a6
23.Qd3 Bd6 24.g3 Qc7 25.Qe2 Bb4 26.Bd3 Qc6 27.f3 Qxf3 28.Qxf3 Bxf3 29.Bxc4 Rxc4
30.Rd3 Bc6 31.a3 h6 32.Ne2 Bb5 33.Rb3 Ba5 34.Bf4 Rxc1+ 35.Nxc1 Nxf4 36.gxf4 Bd2
37.Nd3 Bc4 38.Rxb6 Bxd3 39.Kf2 Bxf4 40.h3 g5 41.b4 h5 42.Kf3 Bc4 43.Kf2 g4  0-1

[Event "ch-GBR"]
[Site "Millfield ENG"]
[Date "2000.08.09"]
[Round "9"]
[White "Buckley,G"]
[Black "McMichael,R"]
[Result "1-0"]
[WhiteElo "2351"]
[BlackElo "2250"]

1.d4 Nf6 2.c4 e6 3.Nc3 Bb4 4.Nf3 d6 5.Qc2 Nbd7 6.e4 Bxc3+ 7.bxc3 e5 8.Bd3 Qe7
9.O-O c5 10.Nh4 Nf8 11.f4 Ng4 12.Nf5 Bxf5 13.exf5 exd4 14.cxd4 Nd7 15.Bb2 O-O
16.Rae1 Qd8 17.h3 Ngf6 18.g4 Nb6 19.g5 Nfd7 20.f6 g6 21.f5 Re8 22.fxg6 hxg6
23.Bxg6 Nf8 24.Bf5 d5 25.dxc5 Nxc4 26.Bd4 Qc7 27.Qf2 b6 28.Qh4 Nd2 29.Rxe8 Rxe8
30.Qh6  1-0